Diseño e implementación de un laboratorio virtual en DSP para comunicaciones usando Matlab y Simulink
Saved in:
| Main Author: | |
|---|---|
| Format: | Book |
| Published: |
[San José, Costa Rica]
2007
|
| Subjects: | |
| Tags: |
Add Tag
No Tags, Be the first to tag this record!
|
MARC
| LEADER | 00000nam a2200000Ia 4500 | ||
|---|---|---|---|
| 003 | 009965 | ||
| 005 | 20221231144107.0 | ||
| 008 | 140114s2007 cr a 000 ||s d | ||
| 040 | |c cru CEDI | ||
| 090 | |a TFG 5494 | ||
| 100 | |a Fernández Carazo, José Gabriel |9 2905 | ||
| 245 | |a Diseño e implementación de un laboratorio virtual en DSP para comunicaciones usando Matlab y Simulink | ||
| 260 | |c 2007 |b [San José, Costa Rica] | ||
| 300 | |a xiii, 211 hojas; ilustraciones | ||
| 500 | |a Proyecto de graduación (bachillerato en ingeniería eléctrica)--Universidad de Costa Rica. Facultad de Ingeniería. Escuela de Ingeniería Eléctrica | ||
| 650 | |x SIMULACION POR COMPUTADORA |x MATLAB (PROGRAMAS PARA COMPUTADORA) |x SIMULINK |x INTERFASES CON EL USUARIO (SISTEMA PARA COMPUTADORA) |x SISTEMAS DE TRANSMISION DE DATOS |x PROCESAMIENTO DE SEÑALES |9 4774 | ||
| 942 | |c TFG | ||
| 999 | |c 16780 |d 16780 | ||
